| 000 | 00423nam a22001217a 4500 | ||
|---|---|---|---|
| 082 | _a200 THE | ||
| 100 |
_aKamran Yousaf _915559 |
||
| 245 | _aTH-SOF-1266-Analysis of Optic Nerve Head from Fundus Images for Detection of Papilledema | ||
| 260 |
_aIslamabad _bNUST College of EME _c2016 |
||
| 650 | _a MS-ELECT-71 MSTHESIS | ||
| 700 |
_aSupervisor Dr. Usman Ali Co-Supervisor Dr. Muhammad Usman Akram _970128 |
||
| 942 | _cCF | ||
| 999 |
_c577161 _d577161 |
||